00515nam a2200181Ii 450000100060000000300090000600800410001502000150005604000330007104100080010408200220011224500620013426400440019630000120024033600260025233700280027833800270030613483CO-ViMGA241108s9999||||xx |||||||||||||| ||und|| a9589283004 aCO-ViMGAbspaerdacCO-ViMGA0 aspa04aF.FC 342.4 - C65e10aConstituciones políticas comparadas de américa latina 1aBogotá, Colombia : Tercer Mundo, 1991 avolumen atextbtxt2rdacontent aunmediatedbn2rdamedia avolumebnc2rdacarrier